000 01135nam a2200325 a 4500
001 0045136
003 DO-SdBNP
005 20220711132307.0
007 0045136
008 150204s2005 sp a 000 0 spa d
020 _a9788420468587
040 _aBPMSU
_bspa
_cBPMSU
082 _a863.3
_bC419do 2005
_222
100 1 _aCervantes, Miguel de
_d1547-1616
245 1 0 _aDon quijote de la mancha :
_bantología anotada
_cM$cMiguel de Cervantes Saavedra ; traducción del prólogo Pilar del Río ; prólogo de José Saramago ; antología anotada por M. Rodríguez Cáceres ; ilustraciones Gustavo Doré.
250 _a
260 _aMadrid :
_bSantillana,
_c2005.
300 _a395 p. :
_bil. ;
_c21 cm.
490 0 _aAlfaguara;
_aRoja
590 _6Iventariado, 2022/VM
600 1 4 _aCervantes Saavedra, Miguel de
_d1547-1616
_tDon Quijote de la Mancha
650 4 _aNovela española
650 4 _aLiteratura española
700 1 _aSaramago, José ,
_epról.
700 1 _aRodríguez Cáceres, M.
_e
830 0 _aAlfaguara
830 0 _aRoja
910 _aVMateo V./Validado./ Control de calidad MFF
942 _2ddc
_cBK
999 _c10518
_d10518